000 00986nam a2200217Ia 4500
003 Ost
005 20260507075636.0
008 260507s9999||||xx |||||||||||||| ||und||
020 _a6022249957
040 _cfsecg
041 _aara
082 _a336.014
100 _aالحاج، طارق
_eمؤلف
245 0 _aمبادئ التمويل /
_c طارق الحاج
260 _aعمان:
_bدار صفاء للنشر والتوزيع,
_c2002
300 _a219 صفحة؛
_bإيضاحات ؛
_c24 سم
520 _aطبيعة التمويل- التمويل بالإفتراض- الإئتمان المصرفي- الفوائد البسيطة- خصم الديون القصيرة الأجل- التمويل طويل الأجل- أموال الملكية- التمويل الخارجي الخاص- التمويل بالقروض العامة- مؤسسات التمويل الدولية
653 _aالإئتمان المصرفي
653 _aالتمويل
942 _cكتاب
999 _c45293
_d45293